The elements of social scientific thinking / (Record no. 331013)

000 -LEADER
fixed length control field 01102cam a2200313 a 4500
001 - CONTROL NUMBER
control field 14718329
003 - CONTROL NUMBER IDENTIFIER
control field NUST
005 - DATE AND TIME OF LATEST TRANSACTION
control field 20180117090030.0
008 - FIXED-LENGTH DATA ELEMENTS--GENERAL INFORMATION
fixed length control field 070131s2008 maua b 001 0 eng
010 ## - LIBRARY OF CONGRESS CONTROL NUMBER
LC control number 2007922077
020 ## - INTERNATIONAL STANDARD BOOK NUMBER
International Standard Book Number 9780495015857 (pbk.)
020 ## - INTERNATIONAL STANDARD BOOK NUMBER
International Standard Book Number 0495015857 (pbk.)
040 ## - CATALOGING SOURCE
Original cataloging agency DLC
Transcribing agency DLC
050 00 - LIBRARY OF CONGRESS CALL NUMBER
Classification number H61
Item number .H682 2008
082 ## - DEWEY DECIMAL CLASSIFICATION NUMBER
Classification number 300.72
100 1# - MAIN ENTRY--PERSONAL NAME
Personal name Hoover, Kenneth R.,
Dates associated with a name 1940-
9 (RLIN) 4373
245 14 - TITLE STATEMENT
Title The elements of social scientific thinking /
Statement of responsibility, etc. Kenneth Hoover, Todd Donovan.
250 ## - EDITION STATEMENT
Edition statement 9th ed.
260 ## - PUBLICATION, DISTRIBUTION, ETC.
Place of publication, distribution, etc. Boston :
Name of publisher, distributor, etc. Thomson/Wadsworth,
Date of publication, distribution, etc. c2008.
300 ## - PHYSICAL DESCRIPTION
Extent x, 205 p. :
Other physical details ill. ;
Dimensions 22 cm.
504 ## - BIBLIOGRAPHY, ETC. NOTE
Bibliography, etc. note Includes bibliographical references and index.
650 #0 - SUBJECT ADDED ENTRY--TOPICAL TERM
Topical term or geographic name entry element Social sciences
General subdivision Methodology.
9 (RLIN) 1585
700 1# - ADDED ENTRY--PERSONAL NAME
Personal name Donovan, Todd.
9 (RLIN) 4374
906 ## - LOCAL DATA ELEMENT F, LDF (RLIN)
a 7
b cbc
c origcop
d 3
e epcn
f 20
g y-gencatlg
942 ## - ADDED ENTRY ELEMENTS (KOHA)
Source of classification or shelving scheme
Koha item type Book
Holdings
Withdrawn status Lost status Source of classification or shelving scheme Damaged status Not for loan Collection code Permanent Location Current Location Shelving location Date acquired Total Checkouts Total Renewals Full call number Barcode Date last seen Date last checked out Price effective from Koha item type
            Central Library (CL) Central Library (CL) General Stacks 08/29/2017 1 1 300.72 HOO S3H-C-75 10/14/2021 01/22/2020 08/29/2017 Book
© 2023 Central Library, National University of Sciences and Technology. All Rights Reserved.